| 000 | 01050nam a22002897a 4500 | ||
|---|---|---|---|
| 001 | 5379 | ||
| 003 | FISKH | ||
| 005 | 20241129123439.0 | ||
| 008 | 241129b cb ||||| |||| 00| 0 eng d | ||
| 020 | _a9780531289952 | ||
| 040 |
_aFISKH _beng _cFISKH _dFISKH |
||
| 050 | _aTL659.H5 | ||
| 082 | _a363.12 | ||
| 100 | _aBenoit, Peter | ||
| 245 |
_aThe Hindenburg Disaster / _cby Peter Benoit |
||
| 260 |
_aNew York : _bChildren's Press ; _c2011 . |
||
| 300 |
_a48 pages : _bcolor illustrations ; _c22 cm . |
||
| 490 | _aA True Book | ||
| 505 | _aU | ||
| 520 | _aDescribes the crash of the Hindenburg airship in 1937, relaying the history of international airship flight and the events leading to the disaster, and explains what measures have been taken to make airship travel safer. | ||
| 521 | 8 |
_a830
_bLexile |
|
| 521 | 8 |
_aU
_bRaz-Plus |
|
| 650 |
_aHinderbug( airship) _vJuvenile literature |
||
| 650 |
_aAircraft accidents- New Jersey- History- 20th Century _vJuvenile literature |
||
| 942 |
_2ddc _cBK _n0 |
||
| 999 |
_c5379 _d5379 |
||